|
|
|
|
| LEADER |
01032nam a2200241 a 4500 |
| 001 |
1579195 |
| 008 |
130203s1994 nyua b 001 0 eng d |
| 010 |
|
|
|a 93024464
|
| 020 |
|
|
|a 0684823128
|
| 020 |
|
|
|a 0029346258
|
| 040 |
|
|
|a DLC
|c DLC
|d DLC
|d BD-DhAAL
|
| 082 |
0 |
0 |
|a 301/.0723
|2 20
|
| 100 |
1 |
|
|a Weiss, Robert Stuart,
|d 1925-
|
| 245 |
1 |
0 |
|a Learning from strangers :
|b the art and method of qualitative interview studies /
|c Robert S. Weiss.
|
| 260 |
|
|
|a New York :
|b Free Press ;
|a Toronto :
|b Maxwell Macmillan Canada ;
|a New York :
|b Maxwell Macmillan International,
|c c1994.
|
| 300 |
|
|
|a ix, 246 p. :
|b ill. ;
|c 25 cm.
|
| 504 |
|
|
|a Includes bibliographical references (p. 235-240) and index.
|
| 541 |
1 |
|
|e 00026518
|
| 650 |
|
0 |
|a Interviewing in sociology.
|
| 650 |
|
0 |
|a Social surveys.
|
| 852 |
1 |
|
|a Ayesha Abed Library
|j General Shelf.
|
| 999 |
|
|
|c 13153
|d 13153
|
| 952 |
|
|
|0 0
|1 0
|2 ddc
|4 0
|6 301_072300000000000_WEI
|7 0
|9 21899
|a BRACUL
|b BRACUL
|c GEN
|d 2013-02-03
|e Trim Education
|g 2175.00
|l 0
|o 301.0723 WEI
|p 3010026518
|r 2013-02-03
|t 1
|w 2013-02-03
|y BK
|